000
00266nam a22001097a 4500
008
160511b xxu||||| |||| 00| 0 eng d
020
_a
002571125
041
_a
eng
080
_a
61
245
_a
The medical clinics of north america:
_c
R.K. THakur MD;
942
_2
udc
_c
BK
999
_c
2051
_d
2051